00557nam a22001697a 450000500170000001000150001702000260003203500140005803700130007208200110008524500510009625000060014726000500015327000710020330000210027450000920029520240320104431.0 aENG-139633 a9789354423130c130.00 aEN-123165 bDBAD/PUB a88021 aInspirations/cEdited By B.B Choubey...[et.al] a1 aHyderabadbOrient Blackswan Private Ltdc2022 a3-6-752, Himayatnagar bHyderabade500029minfo@orintblackswan.com a184p.c21cm(pbk) aBA Part I (Semesdter I & II ) Compulsory English at Sant Gadge Baba Amravati University